| 000 | 00597nam a22001697a 4500 | ||
|---|---|---|---|
| 020 | _qHard Cover. | ||
| 082 | _a200 | ||
| 100 | _aZahid, Sidra | ||
| 245 |
_aEXERGETIC ANALYSIS OF SOLAR DESALINATION BY HUMIDIFICATION-DEHUMIDIFICATON METHOD./ _cSidra Zahid. |
||
| 260 |
_aKarachi : _bPNEC - NUST, _c2014. |
||
| 300 |
_a105 p. : ill. ; _c30cm. |
||
| 650 |
_aMS-. Electrical Engineering _923567 |
||
| 700 | _6Supervisor; Dr. Shafiq ur Rehman Qureshi | ||
| 856 | _uhttp://10.250.8.41:8080/xmlui/handle/123456789/41575 | ||
| 942 |
_2ddc _cSC |
||
| 999 |
_c535442 _d535442 |
||